000 01170nam a2200265Ia 4500
003 OSt
005 20221005110440.0
006 a|||||r|||| 00| 0
007 ta
008 221004b |||||||| |||| 00| 0 hin d
020 _a8179170322 (hbk)
_c325
024 _a97624
037 _b1923, 09/03/2009, Pioneer Books Distributors
_cTextual
040 _aCRL
_cCRL
_bhin
041 _2hin
_ahin
082 _aWv2.A, 152P4
100 _aविट्ज़ेल, माइकेल
245 0 _aआर्यों के भारतीय मूल की कल्पना
_b इतिहास में मिथक का मिश्रण
246 _aĀryoan ke bhāratīya mūl kī kalpanā: itihās mean mithak kā mishraṇa
260 _aनई दिल्ली
_bग्रंथ शिल्पी भारत
_c2004
300 _a226पृ0
_ccm.
700 _a व्यास, नरेंद्र, अनु.
942 _hWv2.A, 152P4
_cTEXL
_2cc
999 _c1018855
_d1018855